000 01071cam a22003494a 4500
001 15243295
005 20180306070846.0
008 080331s2008 cauab b 001 0 eng
010 _a 2008014871
015 _aGBA876130
_2bnb
016 7 _a101470188
_2DNLM
016 7 _a014641346
_2Uk
020 _a9780787986360 (pbk.)
020 _a0787986364 (pbk.)
035 _a(OCoLC)ocn219263102
035 _a(OCoLC)219263102
040 _aDNLM/DLC
_cDLC
_dNLM
_dBTCTA
_dBAKER
_dUKM
_dYDXCP
_dC#P
_dBWX
_dCDX
_dDLC
041 _aeng
042 _apcc
043 _an-us---
060 0 0 _a2008 M-381
060 0 0 _aWA 18
_bC968 2008
080 _a362.1089 PER
082 0 0 _a362.1089 PER
_222
100 _a4
101 _aSHM
245 0 0 _aCultural competence in health education and health promotion /
_ceditors, Miguel A. Pérez, Raffy R. Luquis.
504 _aIncludes bibliographical references and indexes.
906 _a7
_bcbc
_corignew
_d1
_eecip
_f20
_gy-gencatlg
942 _2ddc
_cBK
999 _c44172
_d44172